載入...

Subaltern Studies VIII, Essays in honour of Ranajith Guha

書目詳細資料
主要作者: Arnold, David
其他作者: Hardiman, David
格式: Printed Book
出版: New Delhi Oxford 2003
叢編:Writings on South Asian History and society
主題:
LEADER 00554nam a22001697a 4500
020 |a 9780195637212 
082 |a 954ARN 
100 |a Arnold, David 
245 |a Subaltern Studies VIII, Essays in honour of Ranajith Guha 
260 |a New Delhi  |b Oxford  |c 2003 
300 |a 240 
490 |a Writings on South Asian History and society 
650 |a History, Modern India  |a History, Bengal 
700 |a Hardiman, David 
942 |c BK 
999 |c 129964  |d 129960 
952 |0 0  |1 0  |4 0  |6 954ARN  |7 0  |9 128835  |a SCP  |b SCP  |d 2014-01-17  |l 0  |o 954ARN  |p SCP05437  |r 2014-01-17  |w 2017-10-05  |y BK